A study on MITI's role in Malaysia's vendor development programme /
Saved in:
| Main Author: | |
|---|---|
| Format: | Thesis Book |
| Language: | English |
| Published: |
1995.
|
| Subjects: | |
| Tags: |
Add Tag
No Tags, Be the first to tag this record!
|
| LEADER | 01191cam a2200313 4500 | ||
|---|---|---|---|
| 001 | u377251 | ||
| 003 | SIRSI | ||
| 008 | 850427s1995 my a t 00 0 eng m | ||
| 035 | |a ABW-6883 | ||
| 040 | |a UMM | ||
| 043 | |a a-my--- | ||
| 090 | |a HD2346 |b M4Lim | ||
| 091 | |a Microfiche 12873 | ||
| 100 | 1 | 0 | |a Lim, Tian Yeong. |
| 245 | 1 | 2 | |a A study on MITI's role in Malaysia's vendor development programme / |c by Lim Tian Yeong. |
| 260 | |c 1995. | ||
| 300 | |a vii, 98 leaves : |b ill. ; |c 30 cm. | ||
| 500 | |a PPZ. | ||
| 500 | |a Also available on microfiche. Kuala Lumpur : Perpustakaan Universiti Malaya, 1997. 2 fiches : negative ; 11x15 cm. | ||
| 502 | |a Dissertation (M.B.A.) -- Fakulti Ekonomi dan Pentadbiran, Universiti Malaya, 1995. | ||
| 504 | |a Bibliography: leaves 96-98. | ||
| 610 | 2 | 0 | |a Malaysia. |b Kementerian Perdagangan dan Perindustrian. |
| 650 | 0 | |a Small business |z Malaysia. | |
| 650 | 0 | |a Rural industries |z Malaysia. | |
| 650 | 0 | |a Incentives in industry |z Malaysia. | |
| 710 | 2 | 0 | |a Universiti Malaya. |b Fakulti Ekonomi dan Pentadbiran. |
| 948 | |a 19/07/1995 |b 11/03/2004 | ||
| 596 | |a 1 | ||
| 999 | |a HD2346 M4 LIM |w LC |c 1 |i A504959782 |d 27/12/1999 |l STACKS |m P01UTAMA |n 42 |r Y |s Y |t TESIS |u 17/8/1995 | ||
